MyGZULibrary

Is Agriculture a panacea to Zimbabwe's development agenda? : (Record no. 10734)

MARC details
000 -LEADER
fixed length control field 00808nam a22002177a 4500
003 - CONTROL NUMBER IDENTIFIER
control field GZU
005 - DATE AND TIME OF LATEST TRANSACTION
control field 20220927154114.0
008 - FIXED-LENGTH DATA ELEMENTS--GENERAL INFORMATION
fixed length control field 220927b ||||| |||| 00| 0 eng d
020 ## - INTERNATIONAL STANDARD BOOK NUMBER
International Standard Book Number 9781779216854
022 ## - INTERNATIONAL STANDARD SERIAL NUMBER
International Standard Serial Number 9781779216854
040 ## - CATALOGING SOURCE
Transcribing agency DLC
050 ## - LIBRARY OF CONGRESS CALL NUMBER
Classification number HD2131
Item number AGR 2021
245 ## - TITLE STATEMENT
Title Is Agriculture a panacea to Zimbabwe's development agenda? :
Remainder of title analysis of the 4-decade journey and beyond /
Statement of responsibility, etc. edited by Clainos Chidoko and Alexander Mapfumo.
260 ## - PUBLICATION, DISTRIBUTION, ETC.
Place of publication, distribution, etc. Gweru, Zimbabwe :
Name of publisher, distributor, etc. Dream Discoveries Publishers,
Date of publication, distribution, etc. 2021.
300 ## - PHYSICAL DESCRIPTION
Extent xviii, 266 pages ;
Dimensions 20 cm
504 ## - BIBLIOGRAPHY, ETC. NOTE
Bibliography, etc. note Includes bibliographical references (pages 265-266).
505 ## - FORMATTED CONTENTS NOTE
Formatted contents note n/a
520 ## - SUMMARY, ETC.
Summary, etc. Zimbabwean Agriculture Economic aspects
651 ## - SUBJECT ADDED ENTRY--GEOGRAPHIC NAME
Source of heading or term Zimbabwe
Form subdivision Agriculture,
General subdivision Agriculture Economic aspects.
942 ## - ADDED ENTRY ELEMENTS (KOHA)
Source of classification or shelving scheme Library of Congress Classification
Koha item type Books
Classification part 2131
Item part AGR
Call number prefix HD
Holdings
Withdrawn status Lost status Source of classification or shelving scheme Damaged status Not for loan Home library Current library Shelving location Date acquired Source of acquisition Total Checkouts Full call number Barcode Date last seen Copy number Price effective from Koha item type
    Library of Congress Classification     Mashava Campus Library Mashava Campus Library General Stacks 09/27/2022 Donation   HD2131 AGR 2021 032564 09/27/2022 c.1 09/27/2022 Books